[Event "KL Chess Open 2014"]
[Site "Kuala Lumpur MAS"]
[Date "2014.04.07"]
[Round "4.12"]
[White "Majella, Yoseph R."]
[Black "Wohl, Aleksandar H."]
[Result "1/2-1/2"]
[BlackTitle "IM"]
[WhiteElo "2278"]
[BlackElo "2355"]
[WhiteFideId "7100680"]
[BlackFideId "3200345"]
[EventDate "2014.04.04"]

1. Nf3 b5 2. e4 Bb7 3. d3 e6 4. Nbd2 c5 5. g3 Nc6 6. Bg2 Nf6 7. O-O Be7 8. Re1
d6 9. Nf1 O-O 10. h3 Nd7 11. a4 bxa4 12. Rxa4 a5 13. d4 cxd4 14. Nxd4 Nc5 15.
Nxc6 Bxc6 16. Rd4 Qc7 17. Ne3 Rfd8 18. Qh5 Rab8 19. Ng4 Nd7 20. e5 Nxe5 21. Rxe5
dxe5 22. Nh6+ gxh6 23. Rg4+ Kf8 24. Bxh6+ Ke8 25. Rg7 Kd7 26. Qxf7 Re8 27. Bg5
Bxg2 28. Bxe7 Kc6 29. Kxg2 Kb5 30. Qxe6 Qc6+ 31. Qxc6+ Kxc6 32. Ba3 Rb7 33. Rg4
Rf7 34. Rc4+ Kb5 35. Re4 Rc7 36. c3 Rc4 37. Kf3 Re6 38. Rxc4 Kxc4 39. Ke4 a4 40.
g4 Rf6 41. f3 Rf4+ 42. Ke3 Kb3 43. Ke2 e4 44. fxe4 Rxe4+ 45. Kd3 Re1 46. c4 Rh1
47. c5 Rxh3+ 48. Kd4 Rh6 49. Kd5 Rg6 50. c6 Rxg4 51. c7 Rg8 52. Kc6 Rc8 53. Kb7
Re8 54. Kb6 Rc8 55. Kb7 Rxc7+ 56. Kxc7 h5 57. Kc6 h4 58. Kb5 1/2-1/2

[Event "KL Chess Open 2014"]
[Site "Kuala Lumpur MAS"]
[Date "2014.04.07"]
[Round "4.13"]
[White "Medina, Warda Aulia"]
[Black "Setyaki, Azarya Jodi"]
[Result "1/2-1/2"]
[WhiteTitle "WGM"]
[BlackTitle "CM"]
[WhiteElo "2332"]
[BlackElo "2181"]
[WhiteFideId "7101570"]
[BlackFideId "7101589"]
[EventDate "2014.04.04"]

1. e4 c5 2. Nf3 g6 3. d4 cxd4 4. Qxd4 Nf6 5. Nc3 Nc6 6. Qa4 d6 7. e5 dxe5 8.
Nxe5 Bd7 9. Nxd7 Qxd7 10. Be3 Bg7 11. Rd1 Qc8 12. Be2 O-O 13. O-O a6 14. Qh4 Ne5
15. h3 b5 16. a4 Nc4 17. Bc1 Nd6 18. Rfe1 Rb8 19. axb5 Nxb5 20. Nxb5 axb5 21. c3
Qc5 22. Be3 Qc7 23. Qb4 e6 24. Bf4 e5 25. Bg3 Nh5 26. Bxh5 gxh5 27. Rd5 Qc4 28.
Qxc4 bxc4 29. Bxe5 Rxb2 30. Bxg7 Kxg7 31. Re4 Ra8 32. Rf5 Kg6 33. Ref4 Ra7 34.
Rf6+ Kg7 35. Rc6 Rc2 36. Rcxc4 Rd7 37. Rf3 Rd6 38. Kh2 f6 39. Rc7+ Kg6 40. Rg3+
Kh6 41. Rf3 Ra6 42. Kg3 Kg6 43. c4 Re6 44. Rf4 Rc3+ 45. Kh4 Rc2 46. Rc8 Rc1 47.
Rg8+ Kf7 48. Rc8 Kg6 49. Rc5 Kg7 50. g3 Rh1 51. Rxh5 Kf8 1/2-1/2

[Event "KL Chess Open 2014"]
[Site "Kuala Lumpur MAS"]
[Date "2014.04.07"]
[Round "4.14"]
[White "Sukandar, Irine Kharisma"]
[Black "Tejaswini, Sagar"]
[Result "1-0"]
[WhiteTitle "WGM"]
[BlackTitle "WCM"]
[WhiteElo "2319"]
[BlackElo "1931"]
[WhiteFideId "7101937"]
[BlackFideId "5054290"]
[EventDate "2014.04.04"]

1. e4 d5 2. exd5 Nf6 3. d4 Bg4 4. Bb5+ Nbd7 5. Be2 Bxe2 6. Qxe2 Nxd5 7. Nf3 e6
8. O-O Be7 9. c4 N5f6 10. Bf4 O-O 11. Nc3 c6 12. Rad1 Re8 13. Ne5 Nf8 14. a3 Ng6
15. Bg3 Qa5 16. Rd3 Rad8 17. Rfd1 Nd7 18. Nxd7 Rxd7 19. d5 exd5 20. cxd5 Kf8 21.
Qh5 h6 22. Qg4 Qd8 23. d6 Bf6 24. Ne4 Ne5 25. Bxe5 Rxe5 26. Nxf6 gxf6 27. h4 f5
28. Qd4 Qf6 29. Re3 Re6 30. Qxa7 Rexd6 31. Qc5 b6 32. Rxd6 Rxd6 33. Qb4 c5 34.
Qa4 Qd8 35. Qf4 Qf6 36. g3 Rd4 37. Qb8+ Rd8 38. Qc7 Qd6 39. Qxd6+ Rxd6 40. Rf3
Rd2 41. Rb3 Rd6 42. Kg2 Ke7 43. Kf3 Ke6 44. Ke3 Ke5 45. Rd3 Rxd3+ 46. Kxd3 b5
47. b3 h5 48. a4 c4+ 49. Kc3 Ke4 50. axb5 Kf3 51. b6 Kxf2 52. b7 1-0

[Event "KL Chess Open 2014"]
[Site "Kuala Lumpur MAS"]
[Date "2014.04.07"]
[Round "4.15"]
[White "Pitra, Andika"]
[Black "Mariano, Nelson III"]
[Result "0-1"]
[WhiteTitle "FM"]
[BlackTitle "FM"]
[WhiteElo "2276"]
[BlackElo "2318"]
[WhiteFideId "7103255"]
[BlackFideId "5201748"]
[EventDate "2014.04.04"]

1. e4 d5 2. exd5 Qxd5 3. Nc3 Qa5 4. g3 h5 5. h3 Nc6 6. Bg2 Bd7 7. Nge2 O-O-O 8.
d3 Nf6 9. Bd2 Qf5 10. O-O e5 11. Rb1 Qg6 12. f3 Bc5+ 13. Kh1 Nd4 14. b4 Bb6 15.
Nxd4 exd4 16. Ne4 Nxe4 17. fxe4 Qxg3 18. Bf4 Qg6 19. Qf3 a6 20. Bh2 Qc6 21. Qxf7
Be6 22. Qg6 Rde8 23. a4 Qd7 24. Qg3 h4 25. Qf3 Qxa4 26. e5 c6 27. b5 axb5 28.
Ra1 Qb4 29. Rfb1 Qc5 30. c3 Rhf8 31. Qe4 g5 32. Rc1 Kd7 33. Qe2 Ra8 34. cxd4
Rxa1 35. Rxa1 Qxd4 36. Rc1 Rf2 37. Qh5 Rxg2 38. Qh7+ Kc8 39. Qh8+ Bd8 40. Kxg2
Qb2+ 0-1

[Event "KL Chess Open 2014"]
[Site "Kuala Lumpur MAS"]
[Date "2014.04.07"]
[Round "4.17"]
[White "Das, Arghyadip"]
[Black "Kamis, Kamarunsalehin"]
[Result "1-0"]
[WhiteTitle "IM"]
[WhiteElo "2460"]
[BlackElo "1946"]
[WhiteFideId "5003610"]
[BlackFideId "10500170"]
[EventDate "2014.04.04"]

1. e4 c6 2. d4 d5 3. e5 Bf5 4. Nd2 e6 5. Nb3 Nd7 6. Nf3 Ne7 7. Be2 c5 8. c3 Nc6
9. O-O Be7 10. Be3 c4 11. Nbd2 b5 12. a3 a5 13. Ne1 g5 14. f4 gxf4 15. Bxf4 Qb6
16. Kh1 O-O-O 17. b3 Qa7 18. a4 bxa4 19. bxc4 dxc4 20. Qxa4 1-0

[Event "KL Chess Open 2014"]
[Site "Kuala Lumpur MAS"]
[Date "2014.04.07"]
[Round "4.18"]
[White "Nguyen, Duc Hoa"]
[Black "Montoya, Edsel"]
[Result "0-1"]
[WhiteTitle "IM"]
[WhiteElo "2508"]
[BlackElo "2185"]
[WhiteFideId "12401358"]
[BlackFideId "5203147"]
[EventDate "2014.04.04"]

1. d4 d5 2. c4 c6 3. Nf3 Nf6 4. Nc3 dxc4 5. a4 Bf5 6. e3 e6 7. Bxc4 Bb4 8. O-O
O-O 9. Nh4 Bg6 10. Nxg6 hxg6 11. Qb3 Qe7 12. a5 Bd6 13. e4 e5 14. d5 Nbd7 15.
Bg5 Rab8 16. Qc2 Rfc8 17. dxc6 bxc6 18. g3 Bc5 19. Ne2 Bb4 20. Rad1 Bxa5 21. f4
exf4 22. gxf4 Nf8 23. e5 Qc5+ 24. Kh1 Nd5 25. f5 gxf5 26. Qxf5 Qxc4 27. Rd4 Ne3
28. Bxe3 Qe6 29. Qf3 Bc7 30. Re4 Rxb2 31. Nd4 Qd5 32. Nf5 Ng6 33. Rd1 Qa2 34.
Bg1 Re8 35. Rd7 Bxe5 36. Rxe5 Nxe5 37. Ne7+ Kf8 38. Qf5 Nxd7 39. Qxd7 Qe6 0-1

[Event "KL Chess Open 2014"]
[Site "Kuala Lumpur MAS"]
[Date "2014.04.07"]
[Round "4.19"]
[White "Neelotpal, Das"]
[Black "Paril, Gabriel"]
[Result "1-0"]
[WhiteTitle "GM"]
[WhiteElo "2428"]
[BlackElo "2140"]
[WhiteFideId "5003512"]
[BlackFideId "5203309"]
[EventDate "2014.04.04"]

1. d4 Nf6 2. c4 g6 3. Nc3 d5 4. cxd5 Nxd5 5. Bd2 Bg7 6. e4 Nxc3 7. Bxc3 c5 8. d5
e5 9. Nf3 Qd6 10. Nd2 O-O 11. a4 a5 12. Bb5 Bd7 13. Nc4 Qc7 14. O-O Bxb5 15.
axb5 b6 16. d6 Qb7 17. Nxe5 Bxe5 18. Bxe5 Re8 19. Bc3 Rxe4 20. Ra4 Nd7 21. Rxe4
Qxe4 22. Re1 Qf5 23. Qd2 h5 24. Qh6 Nf6 25. d7 1-0

[Event "KL Chess Open 2014"]
[Site "Kuala Lumpur MAS"]
[Date "2014.04.07"]
[Round "4.20"]
[White "Kulpruethanon, Thanadon"]
[Black "Pascua, Haridas"]
[Result "0-1"]
[BlackTitle "FM"]
[WhiteElo "2113"]
[BlackElo "2375"]
[WhiteFideId "6201610"]
[BlackFideId "5203953"]
[EventDate "2014.04.04"]

1. Nf3 d5 2. g3 c5 3. Bg2 g6 4. c4 d4 5. b4 cxb4 6. a3 bxa3 7. d3 Nc6 8. O-O Bg7
9. Bxa3 Nf6 10. Nbd2 O-O 11. Qa4 Re8 12. Rfb1 Rb8 13. Ne1 Bd7 14. Nc2 Qc8 15.
Nb4 Bh6 16. Nb3 Nxb4 17. Qxb4 e5 18. Qc5 b6 19. Qxc8 Rbxc8 20. Bd6 Re6 21. c5
Rxd6 22. cxd6 a5 23. Nxa5 bxa5 24. Rxa5 Re8 25. Rb6 Bf8 26. h4 Kg7 27. Ra7 Rd8
28. Ra5 Bg4 29. f3 Be6 30. Rba6 Bxd6 31. Ra8 Bb4 32. Rxd8 Bxa5 33. Ra8 Be1 34.
Kh2 Nh5 35. Bh3 Bxg3+ 36. Kg2 Bxh4 37. Bxe6 Nf4+ 0-1

[Event "KL Chess Open 2014"]
[Site "Kuala Lumpur MAS"]
[Date "2014.04.07"]
[Round "4.21"]
[White "Lodhi, Mahmood"]
[Black "Wiwatanadate, Poompong"]
[Result "1-0"]
[WhiteTitle "IM"]
[WhiteElo "2358"]
[BlackElo "2078"]
[WhiteFideId "7800010"]
[BlackFideId "6201083"]
[EventDate "2014.04.04"]

1. d4 d5 2. Nf3 Nf6 3. g3 c6 4. Bg2 Bf5 5. O-O e6 6. Nbd2 h6 7. c4 Nbd7 8. b3
Be7 9. Bb2 O-O 10. Ne5 a5 11. a3 Qb8 12. Nxd7 Nxd7 13. e4 dxe4 14. Nxe4 Nf6 15.
f3 Rd8 16. Qe2 c5 17. Nxc5 Bxc5 18. dxc5 Bd3 19. Qe3 Bxf1 20. Rxf1 Qc7 21. b4
axb4 22. axb4 Qd7 23. f4 Ra2 24. Qb3 Qa4 25. Qxa4 Rxa4 26. Bc3 Rd3 27. Rc1 Rxc3
28. Rxc3 Rxb4 29. h3 Nd7 30. c6 bxc6 31. Bxc6 Nc5 32. Kf2 Kf8 33. Ke3 Ke7 34.
Bf3 Kd6 35. Bd1 f6 36. h4 e5 37. h5 Rb1 38. Bc2 Ra1 39. Bf5 Rh1 40. Bg6 Re1+ 41.
Kf3 Ne6 42. Kf2 Ra1 43. fxe5+ fxe5 44. Bf5 Nc5 45. Rc2 Nb3 46. Rb2 Nd4 47. Be4
Rc1 48. Rb6+ Kc5 49. Rb7 Rxc4 50. Rxg7 Ne6 51. Rg6 Nf8 52. Bf5 Nxg6 53. hxg6 Rb4
54. g7 Rb8 55. Be6 Kd4 56. g8=Q Rxg8 57. Bxg8 e4 58. Bf7 Kd3 59. Bg6 Kd4 60. Ke2
Kd5 61. Ke3 Ke6 62. Bxe4 h5 63. Bf3 h4 64. g4 h3 65. Bh1 h2 66. Be4 1-0

[Event "KL Chess Open 2014"]
[Site "Kuala Lumpur MAS"]
[Date "2014.04.07"]
[Round "4.22"]
[White "Safranska, Anda"]
[Black "Yap, Abel Jinwei"]
[Result "1-0"]
[WhiteTitle "WGM"]
[WhiteElo "2286"]
[BlackElo "2073"]
[WhiteFideId "11600209"]
[BlackFideId "5701872"]
[EventDate "2014.04.04"]

1. Nf3 Nf6 2. g3 d5 3. Bg2 Bf5 4. d3 e6 5. O-O h6 6. c4 c6 7. cxd5 cxd5 8. Nc3
Nc6 9. Qb3 Qc8 10. Bf4 Be7 11. Nb5 O-O 12. Nd6 Bxd6 13. Bxd6 Rd8 14. Bf4 Qd7 15.
Rac1 Qe7 16. Ne5 Rac8 17. Nxc6 bxc6 18. Qa4 Qb7 19. b3 Nd7 20. e4 Bg6 21. Rfe1
a6 22. Qa5 Nf6 23. Qc3 Qb5 24. f3 c5 25. Qc2 Nd7 26. Bf1 Nb6 27. Qf2 a5 28. a4
Qc6 29. Bd2 d4 30. Bxa5 Qb7 31. f4 f6 32. Bh3 Bf7 33. e5 f5 34. Qa2 Qa6 35. Bxb6
Qxb6 36. Rc4 Rb8 37. Rb1 Be8 38. Bg2 Bc6 39. Bxc6 Qxc6 40. Qc2 Rdc8 41. b4 Qb7
42. b5 Qf3 43. Rf1 Qd5 44. Qg2 Qd8 45. Rfc1 Qa5 46. h3 Kh7 47. g4 Qa7 48. gxf5
exf5 49. Qd5 Qa5 50. e6 Rf8 51. e7 Rf6 52. R4c2 Re8 53. Re2 Qxa4 54. Qxc5 Qa8
55. Rf1 Qb7 56. Kh2 Qd7 57. Re5 Re6 58. Rfe1 R8xe7 59. Rxe6 1-0

[Event "KL Chess Open 2014"]
[Site "Kuala Lumpur MAS"]
[Date "2014.04.07"]
[Round "4.23"]
[White "Hoang, Thi Bao Tram"]
[Black "Ong, Way Justin"]
[Result "1-0"]
[WhiteTitle "WGM"]
[WhiteElo "2280"]
[BlackElo "1985"]
[WhiteFideId "12401102"]
[BlackFideId "5703565"]
[EventDate "2014.04.04"]

1. Nf3 Nf6 2. g3 d5 3. Bg2 g6 4. d4 Bg7 5. c4 c6 6. O-O O-O 7. b3 Bf5 8. Bb2
Nbd7 9. Nc3 Ne4 10. Nh4 Ndf6 11. Nxf5 gxf5 12. e3 e6 13. Ne2 Nh5 14. Nc1 Qg5 15.
Nd3 Bf6 16. Rc1 Kh8 17. cxd5 exd5 18. Ne5 Bxe5 19. dxe5 Ng7 20. b4 Ne6 21. Qe2
Qg6 22. b5 Rfc8 23. bxc6 bxc6 24. Rc2 h5 25. Rfc1 c5 26. Ba3 c4 27. Rd1 Rd8 28.
Be7 Rd7 29. Bxe4 fxe4 30. Bf6+ Kh7 31. Rxc4 Qf5 32. Rxe4 dxe4 33. Rxd7 Kg6 34.
Rd1 Qf3 35. Qxf3 exf3 36. h3 Re8 37. Rd2 Rc8 38. Kh2 Kf5 39. Rb2 a5 40. Bh4 Kxe5
41. g4 hxg4 42. hxg4 Ke4 43. Rb7 Rc2 44. Rxf7 Rxa2 45. Re7 Kd5 46. Kg3 a4 47.
Kxf3 Rc2 48. Ra7 Rc4 49. Ra5+ Kd6 50. Ra6+ Ke5 51. Be7 Kd5 52. g5 1-0

[Event "KL Chess Open 2014"]
[Site "Kuala Lumpur MAS"]
[Date "2014.04.07"]
[Round "4.24"]
[White "Thipsay, Bagyashree Sathe"]
[Black "Borsos, Bogdan"]
[Result "1-0"]
[WhiteTitle "WIM"]
[BlackTitle "IM"]
[WhiteElo "2061"]
[BlackElo "2247"]
[WhiteFideId "5001013"]
[BlackFideId "14100568"]
[EventDate "2014.04.04"]

1. e4 e5 2. Nf3 Nc6 3. Bc4 Bc5 4. c3 Nf6 5. d3 Bb6 6. Bb3 d6 7. Nbd2 Ne7 8. Nc4
Ng6 9. h3 O-O 10. O-O Re8 11. Ng5 Rf8 12. Nxb6 axb6 13. Re1 h6 14. Nf3 Nh7 15.
Nh2 Qh4 16. Ng4 Ng5 17. Bxg5 Qxg5 18. Re3 Nf4 19. Rg3 Nh5 20. Re3 Kh8 21. Nh2
Nf4 22. Rg3 Qe7 23. Qd2 Be6 24. Re1 Bxb3 25. axb3 Qe6 26. c4 Ra2 27. d4 Rfa8 28.
Ng4 Nh5 29. Rf3 Ra1 30. Rxa1 Rxa1+ 31. Kh2 Kh7 32. Rf5 Nf4 33. dxe5 Ng6 34. exd6
c6 35. d7 Qxe4 36. Rxf7 1-0

[Event "KL Chess Open 2014"]
[Site "Kuala Lumpur MAS"]
[Date "2014.04.07"]
[Round "4.25"]
[White "Low, Zhen Yu Cyrus"]
[Black "Liew, Chee-Meng Jimmy"]
[Result "1/2-1/2"]
[BlackTitle "IM"]
[WhiteElo "1921"]
[BlackElo "2216"]
[WhiteFideId "5804175"]
[BlackFideId "5700019"]
[EventDate "2014.04.04"]

1. e4 d6 2. d4 Nf6 3. Nc3 e5 4. Nf3 Nbd7 5. Bc4 Be7 6. O-O O-O 7. h3 c6 8. a4 h6
9. Be3 Qc7 10. Ba2 b6 11. Nh4 exd4 12. Qxd4 Nc5 13. Rfd1 Be6 14. Bxe6 Nxe6 15.
Qc4 Rfe8 16. Nf5 Bf8 17. Re1 Rac8 18. Rad1 d5 19. exd5 cxd5 20. Qh4 Qc4 21. Qg3
Kh7 22. Bc1 d4 23. Nb5 Qxc2 24. Nfd6 Bxd6 25. Nxd6 Qxa4 26. Nxc8 Rxc8 27. Qd3+
Kg8 28. Bxh6 Qc2 29. Qg3 Ne4 30. Qf3 Qxf2+ 31. Qxf2 Nxf2 32. Kxf2 gxh6 33. Re2
a5 34. Kf3 Rc4 35. Red2 Kf8 36. Ke4 Ke7 37. Kd5 Rc5+ 38. Ke4 Kd6 39. Rxd4+ Nxd4
40. Rxd4+ Ke6 41. b4 Re5+ 42. Kf3 axb4 43. Rxb4 b5 44. Rh4 h5 45. Rd4 Rd5 46.
Re4+ Kd6 47. Rf4 Ke6 48. Re4+ Re5 49. Rd4 Rc5 50. Re4+ Kd6 51. Rf4 Rc7 52. Rf5
Rb7 53. Ke3 b4 54. Kd2 b3 55. Kc1 Rc7+ 56. Kb2 Rc2+ 57. Kxb3 Rxg2 58. Rxf7 Ke5
59. Kc3 Ke4 60. Rh7 Rg3+ 61. Kd2 Rxh3 62. Ke2 Rh2+ 63. Kf1 Kf3 64. Kg1 Rg2+ 65.
Kh1 Rg5 66. Ra7 h4 67. Ra3+ Kg4 68. Kh2 Re5 69. Ra4+ Kg5 70. Rb4 Re2+ 71. Kh3
Re3+ 72. Kh2 1/2-1/2

[Event "KL Chess Open 2014"]
[Site "Kuala Lumpur MAS"]
[Date "2014.04.07"]
[Round "4.26"]
[White "Fong, Yit Ho"]
[Black "Zulfic, Fedja"]
[Result "1-0"]
[WhiteElo "1931"]
[BlackElo "2192"]
[WhiteFideId "5702780"]
[BlackFideId "3208427"]
[EventDate "2014.04.04"]

1. e4 c5 2. c3 d6 3. d4 Nf6 4. Bd3 g6 5. Nf3 Bg7 6. O-O O-O 7. h3 Qc7 8. Bf4 Nh5
9. Be3 a6 10. Nbd2 e5 11. dxe5 dxe5 12. Bc4 Kh8 13. Nb3 b6 14. Ng5 Ra7 15. Nxf7+
Rxf7 16. Bxf7 Qxf7 17. Qd8+ Qg8 18. Qxb6 Rb7 19. Qxc5 Be6 20. Rfd1 Rf7 21. Qb6
Rf8 22. Nc5 Bc4 23. b3 Rf6 24. Rd6 Bb5 25. Rad1 Nd7 26. Nxd7 Bxd7 27. Rxf6 Nxf6
28. Bg5 Qf7 29. Bxf6 Bxf6 30. Rxd7 1-0

[Event "KL Chess Open 2014"]
[Site "Kuala Lumpur MAS"]
[Date "2014.04.07"]
[Round "4.27"]
[White "Fong, Yit San"]
[Black "Grafil, Franz Robert"]
[Result "1/2-1/2"]
[WhiteElo "2190"]
[BlackElo "1972"]
[WhiteFideId "5702640"]
[BlackFideId "5205298"]
[EventDate "2014.04.04"]

1. e4 e6 2. d4 d5 3. e5 c5 4. c3 Nc6 5. Nf3 Qb6 6. a3 Nh6 7. b4 cxd4 8. cxd4 Nf5
9. Be3 Bd7 10. Be2 Be7 11. O-O Nxe3 12. fxe3 f6 13. exf6 Bxf6 14. Nc3 O-O 15.
Na4 Qd8 16. Nc5 b6 17. Nxd7 Qxd7 18. Qa4 Qd6 19. Rac1 Ne7 20. Ba6 e5 21. dxe5
Bxe5 22. Qb3 Kh8 23. Rcd1 Rad8 24. Bd3 Qh6 25. Bb1 Rxf3 26. Rxf3 Qxh2+ 27. Kf1
Bg3 28. Rxg3 Qxg3 29. Kg1 Ng8 30. Qd3 Nf6 31. Rf1 Qh4 32. Rf4 Qe1+ 33. Rf1 Qh4
34. Rf4 Qh6 35. Ba2 Qg6 36. Qxg6 hxg6 37. Rd4 Re8 38. Bxd5 Nxd5 39. Rxd5 Rxe3
40. a4 Re4 41. Rd7 Rxb4 42. Rxa7 Kh7 43. a5 bxa5 44. Rxa5 Rf4 45. Kh2 Rf8 46.
Ra6 g5 47. Kg3 Rf6 48. Ra8 Kg6 49. Ra7 Rb6 50. Rc7 Kf6 51. Ra7 Re6 52. Rb7 g6
53. Rb5 Ra6 54. Rc5 Ra3+ 55. Kg4 Ra4+ 56. Kg3 Rf4 57. Ra5 Rf5 58. Ra6+ Kg7 59.
Ra8 Rb5 60. Rc8 Rb4 61. Ra8 Kh6 62. Rh8+ Kg7 63. Ra8 Kh6 64. Rh8+ Kg7 65. Ra8 1/2-1/2

[Event "KL Chess Open 2014"]
[Site "Kuala Lumpur MAS"]
[Date "2014.04.07"]
[Round "4.28"]
[White "Swati, Mohota"]
[Black "Akhramsyah, Aqil Ainuddin Naufal"]
[Result "1-0"]
[WhiteTitle "WFM"]
[WhiteElo "2046"]
[BlackElo "1548"]
[WhiteFideId "5006511"]
[BlackFideId "5714958"]
[EventDate "2014.04.04"]

1. d4 d5 2. c4 c6 3. Nf3 Nf6 4. Nc3 e6 5. e3 Bd6 6. Qc2 O-O 7. Be2 b6 8. Ne5 Qc7
9. f4 Nbd7 10. O-O Bb7 11. Bd2 a6 12. cxd5 cxd5 13. Rac1 Rac8 14. Bd3 h6 15. Qd1
Qd8 16. Qf3 Rc7 17. g4 Bxe5 18. fxe5 Nxe5 19. dxe5 d4 20. Ne4 Rxc1 21. Bxc1 Nd5
22. Nd6 Ba8 23. e4 Ne7 24. Bf4 Ng6 25. Rc1 Qd7 26. Bg3 f6 27. exf6 Rxf6 28. Qd1
e5 29. Rc8+ Rf8 30. Qb3+ Kh7 31. Rxf8 Nxf8 32. Nf5 Ng6 33. Qxb6 Nf4 34. Bxf4
exf4 35. Qxd4 Qf7 36. e5 Qb7 37. Nd6+ 1-0

[Event "KL Chess Open 2014"]
[Site "Kuala Lumpur MAS"]
[Date "2014.04.07"]
[Round "4.29"]
[White "Dimakiling, Oliver"]
[Black "Ngo, Thi Kim Tuyen"]
[Result "1-0"]
[WhiteTitle "IM"]
[WhiteElo "2379"]
[BlackElo "2075"]
[WhiteFideId "5202248"]
[BlackFideId "12400505"]
[EventDate "2014.04.04"]

1. c4 Nf6 2. Nc3 d5 3. e3 e5 4. cxd5 Nxd5 5. Nf3 Nxc3 6. bxc3 Bd6 7. d4 exd4 8.
cxd4 Bf5 9. Qb3 b6 10. Nd2 Nd7 11. e4 Bg6 12. e5 Be7 13. f4 O-O 14. Be2 Nb8 15.
Bf3 Qxd4 16. Bb2 Qxf4 17. g3 Qg5 18. Bxa8 Na6 19. h4 Qh6 20. Qf3 Rd8 21. Bc1 Bb4
22. O-O Bxd2 23. Bxd2 Rxd2 24. Rad1 Nc5 25. Rxd2 1-0

[Event "KL Chess Open 2014"]
[Site "Kuala Lumpur MAS"]
[Date "2014.04.07"]
[Round "4.30"]
[White "Villanueva, Nelson"]
[Black "Ram, Aravind L N"]
[Result "0-1"]
[BlackTitle "FM"]
[WhiteElo "2260"]
[BlackElo "2054"]
[WhiteFideId "5204127"]
[BlackFideId "25033760"]
[EventDate "2014.04.04"]

1. d4 Nf6 2. Bg5 d5 3. Nd2 Nbd7 4. Ngf3 e6 5. e3 Be7 6. c4 O-O 7. Be2 c5 8. O-O
b6 9. Rc1 Bb7 10. dxc5 Nxc5 11. b4 Nce4 12. Bxf6 Bxf6 13. Nxe4 dxe4 14. Nd4 Qe7
15. Qb3 Rfd8 16. Rfd1 Be5 17. c5 Bd5 18. Qa4 Rac8 19. Ba6 bxc5 20. Bxc8 cxd4 21.
exd4 Bf4 22. Rc5 Bd6 23. Ba6 e3 24. Qc2 Qh4 25. g3 exf2+ 26. Qxf2 Qe4 27. Rxd5
Qxd5 28. a3 Be5 29. Qg2 Qb3 30. Be2 Bxd4+ 31. Kh1 Qxa3 32. Qb7 Qe3 33. Bf3 Rf8
34. b5 Bb6 35. Bg2 Qb3 36. Qd7 Qe3 37. Rf1 Qd4 38. Qb7 Qd6 39. Bc6 Qd3 40. Ra1
Bd4 41. Qd7 Qe3 42. Rf1 Bb6 43. Rd1 Qg5 44. Rf1 Qd8 45. Qb7 Qd3 46. Ra1 Rd8 47.
Qe7 Qd6 48. Qb7 Rb8 49. Qa6 Qc5 50. Rf1 Qc4 51. Rd1 Qe2 52. Qa4 Rc8 53. Be4 Rc4 0-1

[Event "KL Chess Open 2014"]
[Site "Kuala Lumpur MAS"]
[Date "2014.04.07"]
[Round "4.31"]
[White "Hoang, Thi Nhu Y"]
[Black "Ismail, Ahmad"]
[Result "1-0"]
[WhiteTitle "WIM"]
[WhiteElo "2207"]
[BlackElo "2035"]
[WhiteFideId "12401455"]
[BlackFideId "5700655"]
[EventDate "2014.04.04"]

1. d4 Nf6 2. Bg5 d5 3. Nf3 e6 4. e3 Be7 5. Bd3 h6 6. Bf4 O-O 7. O-O Bd6 8. Ne5
c5 9. c3 Nc6 10. Bg3 cxd4 11. exd4 Bxe5 12. dxe5 Nd7 13. Re1 b6 14. Nd2 Nc5 15.
Bb5 Bb7 16. Qg4 Qg5 17. Qxg5 hxg5 18. b4 Nd7 19. Nf3 Rfc8 20. Nxg5 a6 21. Bf1
Ne7 22. Rac1 Rc7 23. Bf4 Rac8 24. Bd2 b5 25. Nf3 Nb6 26. Nd4 Na4 27. Re3 Nc6 28.
Nb3 Nb8 29. f4 g6 30. Be2 Nd7 31. h4 Ndb6 32. Rg3 Nc4 33. Be1 Kf8 34. h5 gxh5
35. Bxh5 Bc6 36. Rh3 Be8 37. Be2 Ke7 38. Nd4 Kd7 39. Kf2 Rd8 40. g4 Kc8 41. Kg2
Bc6 42. Rh7 Kb7 43. Bh4 Rg8 44. Be1 Nab6 45. Kf3 Be8 46. g5 Kb8 47. Nb3 Nd7 48.
Bf2 Nf8 49. Rh2 Bc6 50. Bd4 Bb7 51. Bd3 Na3 52. Rch1 Ng6 53. Nc5 Bc8 54. Rh6 Nc4
55. R1h2 Nb6 56. Rh7 Nd7 57. Bxg6 Rxg6 58. Rxf7 Nxc5 59. Rxc7 Kxc7 60. Bxc5 Bd7
61. Rh8 Rg7 62. Kg4 1-0

[Event "KL Chess Open 2014"]
[Site "Kuala Lumpur MAS"]
[Date "2014.04.07"]
[Round "4.32"]
[White "Ferry, Ferdiansyah"]
[Black "Tan, Jun Feng"]
[Result "1-0"]
[WhiteElo "2185"]
[BlackElo "1911"]
[WhiteFideId "7103140"]
[BlackFideId "5704537"]
[EventDate "2014.04.04"]

1. e4 c5 2. Nf3 d6 3. d4 cxd4 4. Nxd4 Nf6 5. Nc3 a6 6. Be3 e6 7. f3 Qc7 8. Qd2
Nbd7 9. O-O-O b5 10. g4 Ne5 11. g5 Nfd7 12. f4 Nc4 13. Bxc4 Qxc4 14. b3 Qc7 15.
f5 Nb6 16. fxe6 Bxe6 17. Nxe6 fxe6 18. Rhf1 O-O-O 19. Qd4 Qc5 20. Qd3 Qc7 21.
Bxb6 Qxb6 22. Qh3 Re8 23. Nd5 Qc5 24. Rf7 Kb8 25. b4 Qc6 26. Qe3 exd5 27. Qa7+ 1-0

[Event "KL Chess Open 2014"]
[Site "Kuala Lumpur MAS"]
[Date "2014.04.07"]
[Round "4.33"]
[White "Mohammad Fahad, Rahman"]
[Black "Dewi, Aa Citra"]
[Result "0-1"]
[WhiteTitle "FM"]
[BlackTitle "WFM"]
[WhiteElo "2008"]
[BlackElo "2154"]
[WhiteFideId "10207791"]
[BlackFideId "7101244"]
[EventDate "2014.04.04"]

1. c4 c5 2. Nf3 Nf6 3. Nc3 d6 4. d4 cxd4 5. Nxd4 g6 6. e4 Bg7 7. Be2 Nc6 8. Be3
O-O 9. O-O Bd7 10. Kh1 a5 11. f3 a4 12. Qd2 Qa5 13. a3 Rfc8 14. Nxc6 Bxc6 15.
Rac1 Nd7 16. Rfd1 Nc5 17. Bxc5 Qxc5 18. Rc2 h5 19. Bd3 Re8 20. Qf4 Be5 21. Qd2
Rac8 22. Rf1 Bd7 23. f4 Bg7 24. Nd5 Qd4 25. h3 e6 26. Nc3 Bh6 27. Qe2 Rc5 28.
Qf3 Bc6 29. Qg3 Kh8 30. Be2 Qf6 31. Qf2 Rc8 32. Kg1 Qe7 33. g4 Bg7 34. Bd3 Be8
35. Kh2 Qc7 36. Qf3 Bc6 37. Qe3 Qe7 38. Qg3 Be8 39. Rg2 hxg4 40. hxg4 Rxc4 41.
Bxc4 Rxc4 42. Re2 Kg8 43. Kh3 Bc6 44. Rfe1 b5 45. Qd3 Rd4 46. Qc2 Qf6 47. Rf2 g5
48. f5 Qh6+ 49. Kg2 Qh4 50. Qe2 Be5 51. Qf3 Qh2+ 52. Kf1 Qg3 53. fxe6 Qxf3 54.
Rxf3 fxe6 55. Rfe3 Bf4 56. R3e2 b4 57. axb4 Rxb4 58. Kf2 Kg7 59. Rc2 Be5 60. Kf3
Rb3 61. Re3 Bf4 62. Rd3 Kf6 63. Ke2 Ke5 64. Kf3 Bxe4+ 65. Ke2 Bxd3+ 66. Kxd3 a3
67. bxa3 Rxa3 68. Re2+ Kf6 69. Kc4 d5+ 70. Nxd5+ exd5+ 71. Kxd5 Rg3 72. Re6+ Kf7
73. Ra6 Rxg4 74. Ke4 Rg1 75. Kf5 Re1 76. Rf6+ Ke7 77. Ra6 Re5+ 78. Kg4 Be3 79.
Rc6 Re6 80. Rc7+ Kf6 81. Rc3 Bf4 82. Rc8 Bd6 83. Rc4 Re1 84. Rc6 Rg1+ 85. Kf3
g4+ 86. Kf2 Rd1 87. Rc4 Kf5 88. Ra4 Rd2+ 89. Ke3 Rc2 90. Ra5+ Be5 91. Ra8 Bf4+
92. Kd3 Rd2+ 93. Kc3 Rd6 94. Rf8+ Ke4 95. Rg8 g3 0-1